00917nam a2200205 i 4500001000300000245018100003250007900184260004100263300002600304500005700330504002600387650005200413700003400465020002800499040000800527041000700535080003000542008004100572856009800613bg00aKomentarz do kodeksu cywilnego.nKs. 3.pZobowiązania /nT. 1.cGerard Bieniek [et al.] ; pod red. Gerarda Bieńka ; [poszczeg. cz. Komentarza oprac. Gerard Bieniek et al.]. aWyd. 2 rozsz. i uaktual. wg stanu prawnego na dzień 1 września 1999 r. aWarszawa :bWydaw. Prawnicze,c1999. a579, [1] s. ;c25 cm. aAut. ks. 1: Stanisław Dmowski, Stanisław Rudnicki. aBibliogr. przy rozdz. 9aPrawo zobowiązaniowezPolskaystan na 1999 r.1 aBIENIEK, Gerardd(1941-2011). a8321910289 (ks. 3 t. 1) cBPK0 apl a347.41/.43(438)(094.4.07) s pl f |000 0 pol  uhttp://koha.tu.koszalin.pl/cgi-bin/koha/opac-detail.pl?biblionumber=37637yKatalog online BPK